Судебно-медицинская экспертиза по делам о качестве медицинской помощи (Запись № 13552621)

Подробности
000 -МАРКЕР
контрольное поле 02224nam0a2200373 4500
001 - ИДЕНТИФИКАТОР ЗАПИСИ
контрольное поле RU\NLR\BIBL_A\022688170
005 - ИДЕНТИФИКАТОР ВЕРСИИ
контрольное поле 20260212104541.0
010 ## - МЕЖДУНАРОДНЫЙ СТАНДАРТНЫЙ НОМЕР КНИГИ (ISBN)
Номер (ISBN) 978-5-209-12591-4
Тираж 300
021 ## - НОМЕР ГОСУДАРСТВЕННОЙ РЕГИСТРАЦИИ
Код страны Российская Федерация
Номер КН-П-25-067229
Номер Листа государственной регистраци КН-П-25-6494
035 ## - ДРУГИЕ СИСТЕМНЫЕ НОМЕРА
Идентификатор записи (NLR Aleph) 022688170
100 ## - ДАННЫЕ ОБЩЕЙ ОБРАБОТКИ
Данные общей обработки 20251215d2025 k y0rusy50 ca
101 0# - ЯЗЫК РЕСУРСА
Язык текста, звукозаписи и т.д. русский
102 ## - СТРАНА ПУБЛИКАЦИИ ИЛИ ПРОИЗВОДСТВА
Страна публикации Российская Федерация
105 ## - ПОЛЕ КОДИРОВАННЫХ ДАННЫХ: ТЕКСТОВЫЕ МАТЕРИАЛЫ, МОНОГРАФИЧЕСКИЕ
Кодированные данные о монографическом текстовом документе ah z 000yy
181 #0 - ПОЛЕ КОДИРОВАННЫХ ДАННЫХ: ВИД СОДЕРЖАНИЯ
Код вида содержания (ISBD) i3
Код характеристики содержания (ISBD) axxe
182 #0 - ПОЛЕ КОДИРОВАННЫХ ДАННЫХ: ТИП СРЕДСТВА
Код типа средства (ISBD) n - непосредственное
200 1# - ЗАГЛАВИЕ И СВЕДЕНИЯ ОБ ОТВЕТСТВЕННОСТИ
Основное заглавие Судебно-медицинская экспертиза по делам о качестве медицинской помощи
Сведения, относящиеся к заглавию учебное пособие
Первые сведения об ответственности Е. Х. Баринов, Р. Э. Калинин, Д. В. Сундуков, М. Д. Гусева
Последующие сведения об ответственности под редакцией Е. Х. Баринова, Д. В. Сундукова
203 ## - ВИД СОДЕРЖАНИЯ И ТИП СРЕДСТВА
Вид содержания Текст
Дополнительные сведения об издании визуальный
Тип средства непосредственный
210 ## - ПУБЛИКАЦИЯ, РАСПРОСТРАНЕНИЕ И ДР.
Место издания, распространения и т.д. Москва
Имя издателя, распространителя и т. д. Российский университет дружбы народов им. Патриса Лумумбы
Дата издания, распространения и т.д. 2025
215 ## - ФИЗИЧЕСКАЯ ХАРАКТЕРИСТИКА
Специфическое обозначение материала и объем 160, [1] с.
Другие сведения о физической характеристике ил., цв. ил., факс.
Размеры 20
300 ## - ОБЩИЕ ПРИМЕЧАНИЯ
Текст примечания Авт. указаны на обороте тит. с.
300 ## - ОБЩИЕ ПРИМЕЧАНИЯ
Текст примечания В конце кн. 1-3 авт.: Баринов Е. Х. - д-р мед. наук, проф., Калинин Р. Э. - канд. мед. наук, Сундуков Д. В. - д-р мед. наук, проф.
320 ## - ПРИМЕЧАНИЯ О НАЛИЧИИ В ДОКУМЕНТЕ БИБЛИОГРАФИИ / УКАЗАТЕЛЯ
Текст примечания Библиогр.: с. 129-158 (271 назв.)
606 1# - НАИМЕНОВАНИЕ ТЕМЫ КАК ПРЕДМЕТ
Наименование темы Медицинская помощь
Формальный подзаголовок Учебные издания
Тематический подзаголовок Качество
-- Оценка
-- Судебно-медицинская экспертиза
Системный номер авторитетной/нормативной записи 2378694
Идентификатор авторитетной/нормативной записи RU\NLR\AUTH\661419337
686 1# - ИНДЕКСЫ ДРУГИХ КЛАССИФИКАЦИЙ
Индекс Р811.6я7
701 #1 - ИМЯ ЛИЦА - АЛЬТЕРНАТИВНАЯ ОТВЕТСТВЕННОСТЬ
Начальный элемент ввода Баринов
Часть имени, кроме начального элемента ввода Е. Х.
Даты 1961-
Расширение инициалов личного имени Евгений Христофорович
Системный номер авторитетной/нормативной записи 150922
Идентификатор авторитетной/нормативной записи RU\NLR\AUTH\770150959
701 #1 - ИМЯ ЛИЦА - АЛЬТЕРНАТИВНАЯ ОТВЕТСТВЕННОСТЬ
Начальный элемент ввода Калинин
Часть имени, кроме начального элемента ввода Р. Э.
Расширение инициалов личного имени Руслан Эдуардович
701 #1 - ИМЯ ЛИЦА - АЛЬТЕРНАТИВНАЯ ОТВЕТСТВЕННОСТЬ
Начальный элемент ввода Сундуков
Часть имени, кроме начального элемента ввода Д. В.
Даты 1958-
Расширение инициалов личного имени Дмитрий Вадимович
701 #1 - ИМЯ ЛИЦА - АЛЬТЕРНАТИВНАЯ ОТВЕТСТВЕННОСТЬ
Начальный элемент ввода Гусева
Часть имени, кроме начального элемента ввода М. Д.
Дополнения к именам, кроме дат специалист в обл. судебной медицины
Расширение инициалов личного имени Мария Дмитриевна
Системный номер авторитетной/нормативной записи 2696472
Идентификатор авторитетной/нормативной записи RU\NLR\AUTH\770289777
942 ## - ДОПОЛНИТЕЛЬНЫЕ ЭЛЕМЕНТЫ ЗАПИСИ (АБИС)
Тип экземпляра АБИС Книга
980 ## - КОЛЛЕКЦИЯ
Название коллекции Национальная библиография

Нет доступных экземпляров.